[Event "4NCL Online Division 3"]
[Site "online"]
[Date "2020.04.14"]
[Round "2.142"]
[White "Mugalu, Hassan"]
[Black "Sloan, Cecil"]
[Result "1-0"]
[WhiteElo "1847"]
[BlackElo "1735"]
[PlyCount "107"]
[EventDate "2020.04.14"]
[WhiteTeam "Railsport"]
[BlackTeam "Watford 2"]

1. Nf3 c5 2. g3 Nc6 3. d3 g6 4. Bg5 Bg7 5. Nc3 d6 6. Qd2 Nf6 7. Bh6 O-O 8. Bg2
Be6 9. O-O Qd7 10. Bxg7 Kxg7 11. Ng5 Rab8 12. e4 b5 13. Nxe6+ Qxe6 14. Nd5 Qd7
15. c3 Nxd5 16. exd5 Ne5 17. f4 Ng4 18. Rae1 Nf6 19. f5 b4 20. c4 a5 21. Bh3 a4
22. Kg2 Qd8 23. Rf4 Nd7 24. Rh4 h5 25. Qg5 e5 26. Rxh5 Qxg5 27. Rxg5 Kf6 28.
Rg4 gxf5 29. Rf1 f4 30. gxf4 Rg8 31. fxe5+ Kxe5 32. Rxf7 Rxg4+ 33. Bxg4 Nf6 34.
Re7+ Kf4 35. Be6 Rh8 36. h3 Rh7 37. Rxh7 Nxh7 38. h4 Nf6 39. Kh3 Ke3 40. Bf5
Kf4 41. Bg6 Ng8 42. Be8 a3 43. bxa3 bxa3 44. Kg2 Ke3 45. Bg6 Kd2 46. d4 cxd4
47. c5 dxc5 48. d6 Nf6 49. h5 c4 50. h6 c3 51. h7 Nxh7 52. d7 c2 53. Bxc2 Kxc2
54. d8=Q 1-0

[Event "4NCL Online Division 3"]
[Site "online"]
[Date "2020.04.14"]
[Round "2.143"]
[White "Littlefair, Paul"]
[Black "Jones, H Trevor"]
[Result "1-0"]
[WhiteElo "1727"]
[BlackElo "1795"]
[PlyCount "71"]
[EventDate "2020.04.14"]
[WhiteTeam "Watford 2"]
[BlackTeam "Railsport"]

1. e4 c6 2. d3 d5 3. Nd2 e5 4. Ngf3 Bd6 5. c3 Nf6 6. Qc2 O-O 7. g3 Bg4 8. Bg2
h6 9. O-O Nbd7 10. Re1 Re8 11. Nf1 Bxf3 12. Bxf3 d4 13. Bg2 Qb6 14. h4 a5 15.
a4 Bc5 16. c4 Bb4 17. Bd2 Bxd2 18. Nxd2 Nc5 19. Bh3 Qb4 20. Kh1 Ra6 21. Ra3 g5
22. hxg5 hxg5 23. Bf5 Kg7 24. Kg2 Nfd7 25. Rh1 Rh8 26. Rxh8 Kxh8 27. Ra1 Kg7
28. Qd1 Nf6 29. Nf3 Qb3 30. Qd2 Nxd3 31. Qxg5+ Kf8 32. Qxf6 c5 33. Qd8+ Kg7 34.
Rh1 Rh6 35. Rxh6 Kxh6 36. Qh8# 1-0

[Event "4NCL Online Division 3"]
[Site "online"]
[Date "2020.04.14"]
[Round "2.144"]
[White "Broad, Michael J"]
[Black "Shaw, David K"]
[Result "0-1"]
[WhiteElo "1720"]
[BlackElo "1690"]
[PlyCount "156"]
[EventDate "2020.04.14"]
[WhiteTeam "Railsport"]
[BlackTeam "Watford 2"]

1. d4 e6 2. c4 f5 3. g3 Nf6 4. Bg2 Be7 5. Nf3 d6 6. b3 O-O 7. Bb2 a5 8. Nbd2
Qe8 9. a3 Nc6 10. O-O Bd8 11. Re1 Ne4 12. Nxe4 fxe4 13. Nd2 d5 14. e3 Bg5 15.
f3 exf3 16. Nxf3 Bh6 17. Qd3 Ne7 18. Ne5 c6 19. Rf1 Ng6 20. Rxf8+ Nxf8 21. Rf1
Ng6 22. e4 Nxe5 23. dxe5 dxc4 24. Qxc4 Qe7 25. Rd1 Bd7 26. Rd6 Be3+ 27. Kh1 Bb6
28. Qd3 Rd8 29. Bh3 Bc7 30. Rd4 Bc8 31. Rxd8+ Bxd8 32. Qd6 Kf7 33. Bd4 Bc7 34.
Qxe7+ Kxe7 35. Bf1 b6 36. Bd3 c5 37. Bb2 Bd7 38. a4 Bc6 39. Kg1 Kd7 40. Kf2 Kc8
41. Ke3 Kb7 42. Bc4 Bd7 43. Kd3 Bd8 44. Bc3 Bg5 45. Bd2 Bxd2 46. Kxd2 Bc8 47.
Ke3 Kc7 48. Bb5 Bd7 49. Bc4 Kd8 50. Kf4 h6 51. Kg4 g6 52. Kf4 Ke7 53. h3 g5+
54. Kg4 Bc6 55. Kf3 h5 56. Bd3 Kd7 57. g4 h4 58. Ke3 Kc7 59. Bc4 Bd7 60. Kd3
Kb7 61. Ke3 b5 62. axb5 Kb6 63. Kd2 Bxb5 64. Bxe6 Bf1 65. Bf5 Kc7 66. e6 Kd8
67. e5 Bxh3 68. Ke3 Bg2 69. Kf2 h3 70. Kg3 Ke7 71. Kh2 c4 72. bxc4 a4 73. Bb1
Kxe6 74. Ba2 Kxe5 75. Kg3 Kd4 76. Kh2 Bf1 77. Kg1 Bxc4 78. Bb1 a3 0-1

[Event "4NCL Online Division 3"]
[Site "online"]
[Date "2020.04.14"]
[Round "2.151"]
[White "Yeo, Gareth"]
[Black "Fewell, Ewan"]
[Result "1-0"]
[WhiteElo "1980"]
[BlackElo "1907"]
[PlyCount "85"]
[EventDate "2020.04.14"]
[WhiteTeam "West is Best 2"]
[BlackTeam "Nottingham University 1"]

1. d4 Nf6 2. c4 c5 3. d5 b5 4. cxb5 a6 5. bxa6 Bxa6 6. Nc3 d6 7. Nf3 g6 8. e4
Bxf1 9. Kxf1 Bg7 10. g3 O-O 11. Kg2 Nbd7 12. a4 Qb6 13. Qe2 Rfb8 14. Nb5 Qa6
15. Ra3 Nb6 16. b3 Ne8 17. Qc2 Qc8 18. Nd2 Nc7 19. Nxc7 Qxc7 20. a5 Nd7 21. Nc4
Qb7 22. h4 f5 23. h5 Nf6 24. hxg6 hxg6 25. f3 fxe4 26. fxe4 Nxd5 27. exd5 Qxd5+
28. Kg1 Kf7 29. Qf2+ Bf6 30. Bb2 Rh8 31. Rh4 Rxh4 32. gxh4 Qd1+ 33. Qf1 Qg4+
34. Qg2 Qd1+ 35. Kh2 Rh8 36. Bxf6 exf6 37. Qb7+ Kg8 38. Qe4 f5 39. Qe8+ Kg7 40.
Qe7+ Kg8 41. Ra4 Qg4 42. Nxd6 Qd1 43. Qf7# 1-0

[Event "4NCL Online Division 3"]
[Site "online"]
[Date "2020.04.14"]
[Round "2.152"]
[White "Huseletov, Stanislav"]
[Black "Homer, Stephen J"]
[Result "0-1"]
[WhiteElo "1810"]
[BlackElo "1988"]
[PlyCount "128"]
[EventDate "2020.04.14"]
[WhiteTeam "Nottingham University 1"]
[BlackTeam "West is Best 2"]

1. e4 c5 2. Nf3 Nc6 3. Bb5 d6 4. c3 Bd7 5. Qe2 e5 6. O-O Nf6 7. d3 Be7 8. Rd1
a6 9. Ba4 O-O 10. Bc2 Qc7 11. Nbd2 Be6 12. Nf1 d5 13. Ng3 Rad8 14. h3 b5 15.
Ng5 Bc8 16. Be3 h6 17. Nf3 Bd6 18. Nh4 Ne7 19. Qf3 d4 20. Bxh6 Ng6 21. Bg5 Nxh4
22. Bxh4 Be7 23. cxd4 exd4 24. Rac1 Qe5 25. Bb3 g5 26. Bxg5 Qxg5 27. e5 Qxe5
28. Re1 Qg5 29. h4 Qh6 30. Nf5 Bxf5 31. Qxf5 Bd6 32. Qg5+ Qxg5 33. hxg5 Ng4 34.
g6 Ne5 35. gxf7+ Nxf7 36. Re6 Kg7 37. Rce1 Ng5 38. R6e2 c4 39. dxc4 d3 40. Re3
d2 41. R1e2 bxc4 42. Bd1 Bb4 43. Rg3 Kh6 44. Re5 Bd6 45. Rgxg5 Bxe5 46. Rxe5
Rfe8 47. Re3 Rxe3 48. fxe3 Rb8 49. b3 c3 50. Kf2 Rc8 51. Bc2 Kg5 52. Ke2 Kg4
53. b4 Kg3 54. a4 Kxg2 55. b5 axb5 56. axb5 Rb8 57. Kd3 Rxb5 58. Kxc3 Rd5 59.
Bd1 Kf2 60. e4 Rd8 61. e5 Ke1 62. Kc2 Rc8+ 63. Kd3 Kxd1 64. e6 Re8 0-1

[Event "4NCL Online Division 3"]
[Site "online"]
[Date "2020.04.14"]
[Round "2.153"]
[White "Jukes, Sam"]
[Black "Pincheira Sarmiento, Bernardo"]
[Result "1/2-1/2"]
[WhiteElo "1871"]
[BlackElo "1795"]
[PlyCount "127"]
[EventDate "2020.04.14"]
[WhiteTeam "West is Best 2"]
[BlackTeam "Nottingham University 1"]

1. e4 d5 2. exd5 Nf6 3. d4 Nxd5 4. Nf3 Nc6 5. c4 Nb6 6. Nc3 g6 7. d5 Nb8 8. Qd4
f6 9. c5 N6d7 10. Bf4 a6 11. Bc4 Bg7 12. O-O O-O 13. Bxc7 Qe8 14. Rfe1 Kh8 15.
Bd6 Rf7 16. Bxb8 Nxb8 17. d6 e6 18. Nd5 Nc6 19. Qh4 g5 20. Qh5 Qf8 21. Nc7 Rxc7
22. dxc7 e5 23. Bd3 Qg8 24. Rad1 Be6 25. a3 Rc8 26. b4 Rxc7 27. Nd2 Nd4 28. Ne4
Bf7 29. Qh3 Be6 30. Qe3 Nf5 31. Qd2 Rd7 32. Qc2 Bb3 33. Qb1 Bxd1 34. Rxd1 Nd4
35. Nd6 Bf8 36. Bf5 Nxf5 37. Qxf5 Qg7 38. Rd3 Bxd6 39. Rxd6 Rf7 40. a4 Qg6 41.
Qxg6 hxg6 42. b5 axb5 43. axb5 Kg7 44. Rb6 Rc7 45. c6 bxc6 46. bxc6 Kh6 47. Kf1
g4 48. Ke2 Kg5 49. Ra6 f5 50. Ke3 Kf6 51. Rb6 Ke6 52. f3 gxf3 53. Kxf3 Kd6 54.
g4 Rxc6 55. Rb3 f4 56. h4 Ke6 57. Ra3 Rd6 58. Rb3 Kf6 59. Ra3 g5 60. h5 Re6 61.
Ke4 Rd6 62. Kf3 Re6 63. Ke4 Rd6 64. Kf3 1/2-1/2

[Event "4NCL Online Division 3"]
[Site "online"]
[Date "2020.04.14"]
[Round "2.154"]
[White "Burenius, Axel"]
[Black "Hurley, Jake"]
[Result "0-1"]
[WhiteElo "1765"]
[BlackElo "1780"]
[PlyCount "74"]
[EventDate "2020.04.14"]
[WhiteTeam "Nottingham University 1"]
[BlackTeam "West is Best 2"]

1. e4 d6 2. d4 Nf6 3. Nc3 g6 4. Be3 Bg7 5. Qd2 c6 6. Be2 b5 7. a3 Nbd7 8. f4
Nb6 9. Nf3 Ng4 10. Bg1 Bb7 11. h3 Nf6 12. Be3 a5 13. O-O b4 14. axb4 axb4 15.
Na2 Nxe4 16. Qxb4 Ng3 17. Rfe1 Nxe2+ 18. Rxe2 Ra4 19. Qb3 Ba6 20. Ree1 Bc4 21.
Qc3 Nd5 22. Qd2 Rxa2 23. Rxa2 Bxa2 24. b3 c5 25. c4 Nxe3 26. Rxe3 cxd4 27. Nxd4
Bxd4 28. Qxd4 O-O 29. Qb2 Qb6 30. Qc3 e6 31. Kh1 Rb8 32. f5 Qxb3 33. Qd4 Qb1+
34. Kh2 Qxf5 35. Qxd6 Rc8 36. Rf3 Qc5 37. Qf4 Qc7 0-1

[Event "4NCL Online Division 3"]
[Site "online"]
[Date "2020.04.14"]
[Round "2.162"]
[White "Jones, Ian Robert"]
[Black "Carpenter, Stephen C D"]
[Result "1-0"]
[WhiteElo "1944"]
[BlackElo "1907"]
[PlyCount "95"]
[EventDate "2020.04.14"]
[WhiteTeam "The Full Ponty"]
[BlackTeam "Wimbledon 2"]

1. e4 c5 2. Nf3 d6 3. Nc3 Nf6 4. d4 cxd4 5. Nxd4 a6 6. Be3 b5 7. f3 e6 8. Qd2
Bb7 9. g4 Be7 10. O-O-O Nc6 11. g5 Nd7 12. h4 Nde5 13. f4 Nd7 14. f5 Nxd4 15.
Qxd4 e5 16. Qd3 Nc5 17. Bxc5 dxc5 18. Qg3 Qc7 19. Nd5 Bxd5 20. Rxd5 f6 21. Be2
O-O 22. Rhd1 Rad8 23. gxf6 Bxf6 24. c4 b4 25. h5 Qe7 26. Kb1 h6 27. Qe3 Rc8 28.
Rd7 Qe8 29. R1d5 Bg5 30. Qg3 Bf6 31. Qg1 Rc6 32. Qg6 Qxg6 33. fxg6 Rfc8 34. Bg4
Rb8 35. Kc2 Kf8 36. Rf7+ Kg8 37. Bd7 Rc7 38. Be6 Rxf7 39. Bxf7+ Kf8 40. Rxc5
Rd8 41. Rc6 Rd4 42. Bd5 Bg5 43. Rc7 Rd2+ 44. Kb3 a5 45. Rf7+ Ke8 46. Bc6+ Kd8
47. Rxg7 Rh2 48. Rf7 1-0

[Event "4NCL Online Division 3"]
[Site "online"]
[Date "2020.04.14"]
[Round "2.163"]
[White "Silva Peña, Ángel David"]
[Black "Adams, Mark"]
[Result "0-1"]
[WhiteElo "1862"]
[BlackElo "1944"]
[PlyCount "84"]
[EventDate "2020.04.14"]
[WhiteTeam "Wimbledon 2"]
[BlackTeam "The Full Ponty"]

1. e4 c5 2. Nf3 a6 3. d4 cxd4 4. Nxd4 Nf6 5. Nc3 e5 6. Nb3 Bb4 7. Bd3 d5 8.
exd5 Qxd5 9. O-O Bxc3 10. bxc3 O-O 11. c4 Qc6 12. Re1 Re8 13. Bg5 Nbd7 14. Rb1
b6 15. f3 Bb7 16. Nd2 h6 17. Be3 Rad8 18. Qe2 Nc5 19. Nb3 Nfd7 20. Qf2 Nxd3 21.
cxd3 Re6 22. Qh4 Qc7 23. Nd2 Nc5 24. Bxc5 Qxc5+ 25. Kh1 Rxd3 26. Ne4 Qc7 27. c5
b5 28. Rbc1 Rg6 29. Nd6 Rd2 30. Nxb7 Qxb7 31. Rg1 Rc6 32. Qb4 Rxa2 33. Rge1 Qe7
34. Red1 Ra4 35. Qd2 Rxc5 36. h3 Rd4 37. Qa5 Rxc1 38. Rxc1 Qd6 39. Qa2 Rd1+ 40.
Rxd1 Qxd1+ 41. Kh2 Qa4 42. Qd2 Qf4+ 0-1

[Event "4NCL Online Division 3"]
[Site "online"]
[Date "2020.04.14"]
[Round "2.164"]
[White "Hughes, Anthony"]
[Black "Hernandez, Federico"]
[Result "1-0"]
[WhiteElo "1873"]
[BlackElo "1795"]
[PlyCount "37"]
[EventDate "2020.04.14"]
[WhiteTeam "The Full Ponty"]
[BlackTeam "Wimbledon 2"]

1. d4 Nf6 2. Nf3 d5 3. g3 e6 4. Bg2 c5 5. O-O Nc6 6. c4 dxc4 7. Qa4 Bd7 8. dxc5
Bxc5 9. Qxc4 Qb6 10. Nc3 Na5 11. Qh4 Bc6 12. Na4 Qb4 13. Nxc5 Qxc5 14. b4 Qc3
15. Bd2 Qb2 16. Rfb1 Qc2 17. Rc1 Qb2 18. bxa5 Qxd2 19. Nxd2 1-0

[Event "4NCL Online Division 3"]
[Site "online"]
[Date "2020.04.21"]
[Round "3.11"]
[White "Waterfield, John W"]
[Black "Coote, Trevor D"]
[Result "0-1"]
[WhiteElo "1943"]
[BlackElo "2044"]
[PlyCount "46"]
[EventDate "2020.04.21"]
[WhiteTeam "Abergavenny and Friends"]
[BlackTeam "Brentwood"]

1. e4 c5 2. c3 d5 3. exd5 Qxd5 4. d4 Nc6 5. Nf3 Bg4 6. dxc5 Qxd1+ 7. Kxd1 e5 8.
Be3 f5 9. h3 Bxf3+ 10. gxf3 f4 11. Bd2 Bxc5 12. Ke1 Nf6 13. b4 Bd6 14. Na3 O-O
15. Bc4+ Kh8 16. Kf1 Rad8 17. Rd1 e4 18. Kg2 exf3+ 19. Kxf3 Ne5+ 20. Kg2 f3+
21. Kf1 Nxc4 22. Nxc4 Bf4 23. a4 Ne4 0-1

[Event "4NCL Online Division 3"]
[Site "online"]
[Date "2020.04.21"]
[Round "3.12"]
[White "Hughes, Gavin James"]
[Black "Allford, Zane"]
[Result "1-0"]
[WhiteElo "1773"]
[BlackElo "1693"]
[PlyCount "59"]
[EventDate "2020.04.21"]
[WhiteTeam "Brentwood"]
[BlackTeam "Abergavenny and Friends"]

1. Nf3 Nf6 2. d4 g6 3. g3 Bg7 4. Bg2 O-O 5. O-O d6 6. c4 Nbd7 7. Nc3 a6 8. e4
e5 9. d5 h6 10. a3 Nb6 11. Qd3 Nh5 12. Nh4 g5 13. Nf5 Bxf5 14. exf5 Qd7 15. Bf3
Nf6 16. g4 Rfe8 17. Ne4 Nxe4 18. Bxe4 Nc8 19. b4 b5 20. c5 Ne7 21. c6 Qc8 22.
Be3 Kh8 23. Kg2 Ng8 24. Rh1 Nf6 25. h4 Nxg4 26. hxg5 Nxe3+ 27. Qxe3 Qd8 28. f6
Bf8 29. Rxh6+ Bxh6 30. Qh3 1-0

[Event "4NCL Online Division 3"]
[Site "online"]
[Date "2020.04.21"]
[Round "3.13"]
[White "Rovaretti, David"]
[Black "Pert, Max"]
[Result "0-1"]
[WhiteElo "1643"]
[BlackElo "1697"]
[PlyCount "82"]
[EventDate "2020.04.21"]
[WhiteTeam "Abergavenny and Friends"]
[BlackTeam "Brentwood"]

1. e4 c6 2. d4 d5 3. exd5 cxd5 4. Bd3 Nc6 5. c3 Qc7 6. Nf3 e6 7. O-O Bd6 8. Re1
h6 9. Bc2 Nf6 10. h3 Bd7 11. Nbd2 g5 12. c4 O-O-O 13. c5 Be7 14. a3 Rdg8 15.
Ne5 Nxe5 16. dxe5 g4 17. h4 g3 18. Nf3 gxf2+ 19. Kxf2 Bxc5+ 20. Kf1 Bb5+ 21.
Bd3 Bxd3+ 22. Qxd3 Ne4 23. Be3 Bxe3 24. Qxe3 Kb8 25. Rac1 Qb6 26. Qxb6 axb6 27.
Rc2 Rc8 28. Rec1 Ng3+ 29. Kf2 Ne4+ 30. Kg1 Ng3 31. Rxc8+ Rxc8 32. Rxc8+ Kxc8
33. Kf2 Ne4+ 34. Ke3 Kc7 35. Nd2 Nxd2 36. Kxd2 Kc6 37. g4 d4 38. g5 h5 39. Kd3
Kd5 40. a4 Kxe5 41. b4 Kd5 0-1

[Event "4NCL Online Division 3"]
[Site "online"]
[Date "2020.04.21"]
[Round "3.14"]
[White "Molostvov, Dmitry M"]
[Black "Morgans, Justin"]
[Result "1-0"]
[WhiteElo "1720"]
[BlackElo "1618"]
[PlyCount "145"]
[EventDate "2020.04.21"]
[WhiteTeam "Brentwood"]
[BlackTeam "Abergavenny and Friends"]

1. d4 Nf6 2. c4 g6 3. Nc3 Bg7 4. e4 O-O 5. Nf3 d6 6. Be2 c6 7. O-O Nbd7 8. Be3
Ng4 9. Bg5 Qe8 10. h3 Ngf6 11. Qd2 e5 12. d5 Nc5 13. Bd3 Nxd3 14. Qxd3 Nd7 15.
dxc6 Nb6 16. cxb7 Bxb7 17. Nd5 Bxd5 18. cxd5 Qd7 19. Nd2 Rac8 20. Rac1 Rxc1 21.
Rxc1 Rc8 22. Nc4 Qa4 23. Nxd6 Rxc1+ 24. Bxc1 Qb4 25. Nb5 Qe1+ 26. Qf1 Qxe4 27.
d6 Qd5 28. b3 a6 29. Nc7 Qxd6 30. Nxa6 Nd7 31. b4 Qd5 32. a4 e4 33. Be3 Ne5 34.
b5 Nc4 35. Nc7 Qd3 36. Qxd3 exd3 37. Kf1 Be5 38. b6 f5 39. g3 Kf7 40. Ke1 Bc3+
41. Kd1 Ba5 42. Nd5 Nd6 43. Nf4 d2 44. Kc2 Ke8 45. Nd5 Kd8 46. Bxd2 Bxd2 47.
Kxd2 Kc8 48. Kc3 Ne4+ 49. Kc4 Nxf2 50. a5 Kb7 51. Kb5 Ne4 52. a6+ Kb8 53. Ne7
Nd6+ 54. Kc6 Nc4 55. a7+ Ka8 56. Kc7 Na5 57. Nc6 Nb7 58. Nd8 Na5 59. b7+ Nxb7
60. Nxb7 Kxa7 61. Nd6 Ka6 62. Nxf5 gxf5 63. Kd6 Kb6 64. Ke5 Kc6 65. Kxf5 Kd6
66. g4 Ke7 67. Kg5 Kf7 68. Kh6 Kg8 69. g5 Kh8 70. h4 Kg8 71. h5 Kh8 72. g6 Kg8
73. g7 1-0

[Event "4NCL Online Division 3"]
[Site "online"]
[Date "2020.04.21"]
[Round "3.21"]
[White "Smith, Simon"]
[Black "Fowler, Jonathan"]
[Result "1-0"]
[WhiteElo "1966"]
[BlackElo "1892"]
[PlyCount "39"]
[EventDate "2020.04.21"]
[WhiteTeam "Beverley Vikings"]
[BlackTeam "Warwick University B"]

1. d4 d5 2. c4 e5 3. dxe5 d4 4. Nf3 Nc6 5. g3 Bb4+ 6. Bd2 Qe7 7. Bg2 Nxe5 8.
Nxe5 Bxd2+ 9. Nxd2 Qxe5 10. O-O c5 11. e3 dxe3 12. Re1 Ne7 13. Rxe3 Qc7 14. Qe2
Be6 15. Bd5 Bxd5 16. cxd5 Kf8 17. Re1 Re8 18. Nc4 g6 19. d6 Qd7 20. Rxe7 1-0

[Event "4NCL Online Division 3"]
[Site "online"]
[Date "2020.04.21"]
[Round "3.22"]
[White "Harrison, James"]
[Black "Turner, Tim M"]
[Result "1-0"]
[WhiteElo "1855"]
[BlackElo "1915"]
[PlyCount "89"]
[EventDate "2020.04.21"]
[WhiteTeam "Warwick University B"]
[BlackTeam "Beverley Vikings"]

1. d4 Nf6 2. Bf4 g6 3. Nc3 Bg7 4. e4 d6 5. Qd2 O-O 6. O-O-O Nbd7 7. e5 dxe5 8.
dxe5 Nh5 9. Bh6 Bxe5 10. g4 Ng7 11. h4 Qe8 12. h5 Nb6 13. f4 Bxg4 14. fxe5 Rd8
15. Qxd8 Qxd8 16. Rxd8 Rxd8 17. Bg5 Nxh5 18. Bxe7 Re8 19. Bh4 Rxe5 20. Be2 Bxe2
21. Ngxe2 f5 22. Rd1 h6 23. Rd8+ Kg7 24. Bf2 Nf6 25. Bd4 Re7 26. Nf4 Kf7 27.
Bxf6 Kxf6 28. Ncd5+ Nxd5 29. Nxd5+ Ke6 30. Nxe7 Kxe7 31. Rh8 h5 32. Kd2 Kf6 33.
Ke3 Kg5 34. Kf3 Kf6 35. Kg3 Ke5 36. Re8+ Kf6 37. Rc8 g5 38. Rxc7 f4+ 39. Kf3
Kf5 40. Rc5+ Kf6 41. a4 b6 42. Rd5 Kg6 43. a5 bxa5 44. c4 h4 45. Kg4 1-0

[Event "4NCL Online Division 3"]
[Site "online"]
[Date "2020.04.21"]
[Round "3.23"]
[White "Grice, Alec"]
[Black "Koltai, Daniel"]
[Result "0-1"]
[WhiteElo "1682"]
[BlackElo "1822"]
[PlyCount "74"]
[EventDate "2020.04.21"]
[WhiteTeam "Beverley Vikings"]
[BlackTeam "Warwick University B"]

1. e4 c5 2. Nf3 d6 3. Bb5+ Nc6 4. O-O e5 5. c3 Bd7 6. d4 Qc7 7. Be3 Nf6 8. Nbd2
Be7 9. h3 O-O 10. Rc1 Rad8 11. Nh2 a6 12. Ba4 b5 13. Bb3 c4 14. Bc2 d5 15. f4
exd4 16. cxd4 dxe4 17. Nxe4 Nb4 18. Bb1 Bc6 19. Nxf6+ Bxf6 20. Ng4 Nd5 21. Qc2
g6 22. Nxf6+ Nxf6 23. f5 Nd5 24. Bh6 Rfe8 25. Rce1 Qg3 26. Qd2 b4 27. fxg6 hxg6
28. Be4 c3 29. bxc3 bxc3 30. Qc1 f5 31. Bf3 Kh7 32. Bg5 Rc8 33. Rxe8 Rxe8 34.
h4 Ba8 35. h5 gxh5 36. Bf4 Nxf4 37. Bxa8 Ne2+ 0-1

[Event "4NCL Online Division 3"]
[Site "online"]
[Date "2020.04.21"]
[Round "3.24"]
[White "Behler, Paul"]
[Black "Perkins, Peter T"]
[Result "1-0"]
[WhiteElo "1750"]
[BlackElo "1652"]
[PlyCount "71"]
[EventDate "2020.04.21"]
[WhiteTeam "Warwick University B"]
[BlackTeam "Beverley Vikings"]

1. d4 d5 2. c4 c6 3. Nf3 Nf6 4. Nc3 dxc4 5. a4 Bf5 6. Nh4 Be6 7. f4 g6 8. e4
Bg4 9. Nf3 e6 10. e5 Nd5 11. Bxc4 Bb4 12. Bd2 O-O 13. O-O Nd7 14. h3 Bxf3 15.
Rxf3 Bxc3 16. bxc3 N7b6 17. Bd3 Ne7 18. g4 Qd5 19. f5 Nc4 20. Bg5 Nb2 21. Qe2
Nxd3 22. Bxe7 Rfe8 23. Bf6 exf5 24. Qe3 f4 25. Qxd3 h6 26. Rxf4 Re6 27. Raf1
Rf8 28. Qg3 g5 29. Rf5 Qe4 30. Re1 Qc2 31. Qe3 Kh7 32. Rc1 Qxa4 33. Rxg5 hxg5
34. Qxg5 Rxf6 35. exf6 Qb5 36. Qg7# 1-0

[Event "4NCL Online Division 3"]
[Site "online"]
[Date "2020.04.21"]
[Round "3.31"]
[White "Lawrence, Simon"]
[Black "Stubbs, Oliver"]
[Result "0-1"]
[WhiteElo "1772"]
[BlackElo "2050"]
[PlyCount "96"]
[EventDate "2020.04.21"]
[WhiteTeam "Cork"]
[BlackTeam "The Rook1Es"]

1. d4 Nf6 2. c4 g6 3. Nf3 Bg7 4. Nc3 O-O 5. e4 d6 6. Be2 e5 7. d5 a5 8. h3 Na6
9. Be3 Nd7 10. Nd2 f5 11. f3 Bh6 12. Bf2 Qg5 13. g4 Qxd2+ 14. Qxd2 Bxd2+ 15.
Kxd2 Nf6 16. gxf5 gxf5 17. Rag1+ Kh8 18. Be3 f4 19. Bf2 Bd7 20. Rg5 Rg8 21. h4
h6 22. Rxg8+ Rxg8 23. Rg1 Rxg1 24. Bxg1 Kg7 25. Bf2 Kg6 26. Bd1 Kh5 27. Ne2 Nh7
28. Nc1 Nf8 29. Nd3 Ng6 30. c5 dxc5 31. Bxc5 Kxh4 32. Bf2+ Kg5 33. Ke2 Bb5 34.
a4 Bc4 35. b3 Bxd3+ 36. Kxd3 h5 37. Be2 Nb4+ 38. Kc4 h4 39. Bf1 Nc2 40. Bh3 b6
41. Kb5 Nd4+ 42. Bxd4 exd4 43. Kc4 Ne5+ 44. Kxd4 Nxf3+ 45. Kd3 Ng1 46. Bg2 f3
47. Bf1 h3 48. Ke3 h2 0-1

[Event "4NCL Online Division 3"]
[Site "online"]
[Date "2020.04.21"]
[Round "3.32"]
[White "Walker, Max"]
[Black "Condon, Gerard"]
[Result "1-0"]
[WhiteElo "1945"]
[BlackElo "1680"]
[PlyCount "141"]
[EventDate "2020.04.21"]
[WhiteTeam "The Rook1Es"]
[BlackTeam "Cork"]

1. e4 e6 2. d4 d5 3. e5 c5 4. c3 Ne7 5. Nf3 Nbc6 6. a3 Nf5 7. b4 cxd4 8. cxd4
a6 9. Bb2 Be7 10. Nc3 Bd7 11. Rc1 Rc8 12. Be2 O-O 13. O-O f6 14. Na4 fxe5 15.
Nxe5 Nxe5 16. dxe5 Bg5 17. Rxc8 Bxc8 18. Nc5 Qb6 19. Bg4 Be7 20. Nb3 Bd7 21.
Bxf5 Rxf5 22. Bd4 Qd8 23. Qd2 Bb5 24. Rc1 Bg5 25. Be3 Be7 26. f4 Rf8 27. Nd4
Qd7 28. Qd1 Bc4 29. Qg4 Kf7 30. f5 Ke8 31. Nxe6 Rg8 32. f6 d4 33. Rxc4 dxe3 34.
Nxg7+ Kd8 35. Qxd7+ Kxd7 36. Re4 Bf8 37. e6+ Kd6 38. e7 Bxg7 39. e8=Q Rxe8 40.
Rxe8 Bxf6 41. Kf1 Be5 42. Ke2 Bxh2 43. Rxe3 Bf4 44. Rh3 h6 45. Kd3 Kd5 46. Rh5+
Kc6 47. Kc4 b6 48. a4 Bg5 49. g4 b5+ 50. axb5+ axb5+ 51. Kd4 Kd6 52. Rh1 Bf6+
53. Kd3 Bg5 54. Ke4 Ke6 55. Ra1 Kd6 56. Ra6+ Kc7 57. Kd5 Kb7 58. Rg6 Be3 59.
Re6 Bd2 60. Kc5 Kc7 61. Kxb5 Kd7 62. Ra6 Kc7 63. Kc4 Kb7 64. b5 Be3 65. Re6 Bg5
66. Kc5 Kc7 67. b6+ Kb7 68. Kb5 Kb8 69. Kc6 Kc8 70. Re8+ Bd8 71. b7+ 1-0

[Event "4NCL Online Division 3"]
[Site "online"]
[Date "2020.04.21"]
[Round "3.33"]
[White "Watkins, Mark R"]
[Black "Brigden, Michael E"]
[Result "0-1"]
[WhiteElo "1731"]
[BlackElo "1982"]
[PlyCount "74"]
[EventDate "2020.04.21"]
[WhiteTeam "Cork"]
[BlackTeam "The Rook1Es"]

1. d4 Nf6 2. c4 e6 3. g3 d5 4. Nf3 dxc4 5. Bg2 Nc6 6. O-O Be7 7. Qa4 O-O 8.
Qxc4 Bd7 9. Nc3 Rc8 10. Ne5 Na5 11. Qd3 c5 12. dxc5 Bxc5 13. Rd1 Bc6 14. Qc2
Qe7 15. Nxc6 Nxc6 16. e3 Ne5 17. Qe2 a6 18. b3 Bb4 19. Ne4 Nd5 20. Bb2 Nc6 21.
Qg4 f5 22. Qg5 fxe4 23. Qg4 Nf6 24. Bxf6 Qxf6 25. Bxe4 Bc3 26. Rac1 Ne5 27. Qh5
g6 28. Qe2 Rf7 29. f4 Nc6 30. Rd3 Ba5 31. Qd1 Qg7 32. b4 Bb6 33. a3 Rfc7 34.
Qb3 Qe7 35. Rcd1 Na7 36. Bf3 Rc1 37. Rd7 Qxd7 0-1

[Event "4NCL Online Division 3"]
[Site "online"]
[Date "2020.04.21"]
[Round "3.34"]
[White "Saunders, Aron"]
[Black "Bradley, Michael"]
[Result "1-0"]
[WhiteElo "1847"]
[BlackElo "1411"]
[PlyCount "117"]
[EventDate "2020.04.21"]
[WhiteTeam "The Rook1Es"]
[BlackTeam "Cork"]

1. e4 c5 2. c3 d5 3. exd5 Nf6 4. c4 e6 5. dxe6 Bxe6 6. Nc3 Nc6 7. g3 Bd6 8. d3
O-O 9. Bg2 Re8 10. Nge2 Qd7 11. O-O Bg4 12. Be3 Nd4 13. Bxd4 cxd4 14. Ne4 Nxe4
15. Bxe4 Bc5 16. Qd2 a5 17. a3 Bh3 18. Rfe1 a4 19. Nf4 Bg4 20. Bg2 Rab8 21. Nd5
Bh3 22. Qg5 Kh8 23. Nf6 Rxe1+ 24. Rxe1 Qf5 25. Qxf5 Bxf5 26. Re5 Bxd3 27. Nd7
Bd6 28. Rd5 Re8 29. Rxd6 Re1+ 30. Bf1 Bxf1 31. h4 Bxc4+ 32. Kg2 h6 33. Rxd4 Bb5
34. Nc5 Bc6+ 35. Kh3 h5 36. g4 Rh1+ 37. Kg3 hxg4 38. Kxg4 Rg1+ 39. Kf4 Rg2 40.
Ke3 b5 41. Ne4 Rg4 42. Nc3 Rxd4 43. Kxd4 Kh7 44. Kc5 Be8 45. Nxb5 Kh6 46. Nd6
Bd7 47. Nxf7+ Kh5 48. Ne5 Be6 49. Kb4 Bb3 50. Nd3 Kxh4 51. Nc5 g5 52. Nxb3 axb3
53. a4 Kg4 54. a5 Kf3 55. a6 Kxf2 56. a7 g4 57. a8=Q g3 58. Qf8+ Ke1 59. Qf3
1-0

[Event "4NCL Online Division 3"]
[Site "online"]
[Date "2020.04.21"]
[Round "3.41"]
[White "Finn, Peter"]
[Black "Pigott, Darrell N"]
[Result "1-0"]
[WhiteElo "1959"]
[BlackElo "1900"]
[PlyCount "69"]
[EventDate "2020.04.21"]
[WhiteTeam "CSC 3"]
[BlackTeam "Watford 2"]

1. e4 d6 2. d4 Nf6 3. Nc3 g6 4. f4 Bg7 5. Bd3 O-O 6. Nf3 Bg4 7. O-O Nc6 8. Bb5
e5 9. dxe5 dxe5 10. Bxc6 Qxd1 11. Nxd1 bxc6 12. Nxe5 Bxd1 13. Rxd1 Nxe4 14.
Nxc6 a5 15. Rd7 a4 16. Rb1 Kh8 17. Be3 a3 18. bxa3 Rxa3 19. Bd4 Bxd4+ 20. Nxd4
c5 21. Nf3 Rxa2 22. c4 Nf6 23. Rc7 Ne4 24. Ne5 Kg7 25. h3 Re2 26. Rbb7 Nd6 27.
Ra7 Kg8 28. Rxc5 Rb8 29. Nd3 Rb1+ 30. Kh2 Nf5 31. Rc8+ Kg7 32. Rcc7 Nh6 33.
Rab7 Rd1 34. Rb2 Rxd3 35. Rxe2 1-0